• 首页
  • 本馆介绍
  • 公告通知
  • 最新文献
  • 馆藏检索
  • 电子资源
  • 读者导购
  • 参考咨询
  • 我的图书馆
  • 登录
  • 详细信息显示
  • 放入我的书架
  • 预约/预借图书
  • 作者相关作品
  • 分类相关作品
  • 丛书相关作品
  • 出版社相关作品

书目信息

  • 表格格式
  • 工作单格式
  • 卡片格式
题名:
中华人民共和国五十年文学名作文库
    
 
作者: 萧乾 主编
分册: 下   报告文学卷
出版信息: 北京   作家出版社  1999
页数: 581页
开本: 21cm
丛书名:
单 册:
中图分类: I217.01
科图分类:
主题词: 文学--作品--中国--1949~1999--选集 , 报告文学--中国--1949~1999--选集
电子资源:
ISBN: 7-5063-1575-0
000 00715nam0 2200217 450
001 1548382283
005 20150124132723.89
010    @a7-5063-1575-0@b精装@dCNY47.00
100    @a20000117d1999 em y0chiy0121 ea
101 0  @achi
102    @aCN@b110000
105    @ay z 000zd
200 1  @a中华人民共和国五十年文学名作文库@9zhong hua ren min gong he guo wu shi nian wen xue ming zuo wen ku@e1949~1999@h下@i报告文学卷@f萧乾主编
210    @a北京@c作家出版社@d1999
215    @a581页@d21cm
606    @a文学@x作品@y中国@z1949~1999@x选集
606    @a报告文学@y中国@z1949~1999@x选集
690    @aI217.01@v5
701  0 @a萧乾@9xiao qian@4主编
801  0 @aCN@bTSSF@c20150124
905    @aZUCC@dI217.01@eJY215.2
    
    中华人民共和国五十年文学名作文库:1949~1999.下.报告文学卷/萧乾主编.-北京:作家出版社,1999
    581页;21cm
    
    
    ISBN 7-5063-1575-0(精装):CNY47.00
    
●
相关链接 在E读中查询图书 在五车中查询图书 在当当中查询图书 在豆瓣中查询图书


正题名:中华人民共和国五十年文学名作文库     索取号:I217.01/JY215.2         预约/预借

序号 登录号 条形码 馆藏地/架位号 状态 备注
1 7854698   278546986   学院路分馆/ [索取号:I217.01/JY215.2] 在馆    
唐山师范学院图书馆 欢迎您!
大连网信软件有限公司© 版权所有